000 00793nas a2200253 4500
001 BR7406832
003 BR-BrBNA
005 20231205082758.0
007 ta
008 230509b bl.|||p| |||| 00| 00por d
040 _aBR-BrBNA
_bpor
_cBiblioteca Nacional de Agricultura
041 _a(Pt)
072 _aF30; F61
100 1 _aFonseca, H.
100 1 _aSarruge, J.R.
100 1 _aArzolla, J.D.P.
245 1 _aComponentes minerais e organicos de algumas variedades de feijao (Phaseolus vulgaris, L.)
650 _aNUTRIENTE MINERAL
650 _aVARIEDADE
650 _aFEIJAO
773 0 _tAnais da Escola Superior de Agricultura Luiz de Queiroz (Brazil)
_xISSN 0071-1276
_g(1974), v. 31 p. 509-517
_wBR7406832
909 _a202311
_bLúcia
_c55
_dLúcia Elande
942 _2AGRIS
_n0
_cANA
999 _c94158
_d94158